Technická kybernetika : návody na cvičenia /

Uložené v:
Podrobná bibliografia
Hlavní autori: Drabant, Štefan (Author), Lukáč, Ondrej (Author)
Médium: Kniha
Jazyk:Slovak
Vydané: Nitra : VŠP, 1991
Vydanie:1. vyd.
Témy:
ISBN: 8071370029 (brož.)
Fyzický popis: 167 s.
Tagy: Pridať tag
Žiadne tagy, Buďte prvý kto otaguje tento záznam!

MARC

LEADER 00000nam a2200000 a 4500
001 000240621
005 20060509144540.0
008 060509s1991 xo e 000 0 sloo
020 |a 8071370029 (brož.) 
040 |a SVKKK  |b slo  |c SVKKK  |e AACR2 
041 0 |a slo 
044 |a xo  |c SK 
100 1 |a Drabant, Štefan  |4 aut 
245 1 0 |a Technická kybernetika :  |b návody na cvičenia /  |c Štefan Drabant, Ondrej Lukáč 
250 |a 1. vyd. 
260 |a Nitra :  |b VŠP,  |c 1991 
300 |a 167 s. 
655 7 |a učebnice vysokých škôl  |2 SVKKKPH 
700 1 |a Lukáč, Ondrej  |4 aut 
919 |a 80-7137-002-9 
998 |a BK 
090 |g SCKHL  |k Sklad Pribinova 3. posch.  |a V.178390  |j 836435  |i 2720953609  |s Povinný výt.